The 25 Most Influential People Of All Time - Statistics

General Stats
  • This quiz has been taken 146 times
  • The average score is 12 of 25
Answer Stats
Rank Figure % Correct
1 Jesus Christ
92%
18 Adolf Hitler
88%
6 Muhammad
80%
16 George Washington
76%
21 Julius Caesar
67%
15 Abraham Lincoln
63%
2 Albert Einstein
62%
24 Napoleon Bonaparte
58%
8 Alexander
54%
3 Isaac Newton
54%
20 Gautama Buddha
53%
14 Mahatma Gandhi
49%
22 Karl Marx
41%
12 Martin Luther King Jr.
36%
10 Plato
35%
11 William Shakespeare
35%
4 Leonardo Da Vinci
34%
7 Galileo Galilei
33%
13 Socrates
32%
5 Aristotle
31%
23 Martin Luther
30%
9 Charles Darwin
27%
17 Moses
24%
19 Nikola Tesla
21%
25 Johannes Gutenberg
16%
No matching quizzes found
Score Distribution
Percent of People with Each Score
Percentile by Number Answered
Your Score History
You have not taken this quiz